Geografía del comercio internacional

Uloženo v:
Podrobná bibliografie
Hlavní autoři: Thoman, Richard S (Autor), Conkling, Edgar C (Autor)
Médium: Kniha
Jazyk:španělština
Vydáno: Barcelona Vicens-Vives 1972
Vydání:1a. ed
Edice:Biblioteca Básica de Geografía Económica, 3
Témata:
Tagy: Přidat tag
Žádné tagy, Buďte první, kdo vytvoří štítek k tomuto záznamu!

MARC

LEADER 00000nam a2200000 a 4500
001 UCK1376
003 CL-VaPUC
008 041112e19720000SP |||||||||||||||||spa|d
082 0 4 |a 382  |b THO  |2 21 
100 0 |a Thoman, Richard S  |e author  |9 489161 
700 0 |a Conkling, Edgar C  |e author  |9 489162 
245 1 0 |a Geografía del comercio internacional 
250 |a 1a. ed 
300 |a 250 p 
942 |c BK 
945 |d 20041112 00:00:00  |a cmena 
260 |a Barcelona  |b Vicens-Vives  |c 1972 
650 7 |a COMERCIO INTERNACIONAL  |2 CL-VaPUC  |9 489163 
650 0 |a Desarrollo económico y social   |9 256320 
650 0 |a Producción industrial  |9 307907 
583 |a last modification  |c 20041112 00:00:00  |k Rodrigo Vera 
490 0 |a Biblioteca Básica de Geografía Económica, 3 
999 |c 311347  |d 311345 
952 |0 0  |1 0  |4 0  |6 382_000000000000000_THO_1972  |7 0  |8 A  |9 380725  |a BIBGIM  |b BIBGIM  |d 2019-11-21  |i 4077202  |o 382 THO 1972  |p 4077202  |r 2025-01-15  |w 2019-11-21  |y BK  |k GIM